Central Library OPAC University of Rajshahi

The democratic heritage: a history of the United States (Record no. 64762)

MARC details
000 -LEADER
fixed length control field 00755nam a2200241 a 4500
001 - CONTROL NUMBER
control field 64762
003 - CONTROL NUMBER IDENTIFIER
rucl marc code BD-RjUL
005 - DATE AND TIME OF LATEST TRANSACTION
control field 20211209081340.0
008 - FIXED-LENGTH DATA ELEMENTS--GENERAL INFORMATION
fixed length control field 170220s1971 mauabc b 001 0 eng
035 ## - SYSTEM CONTROL NUMBER
System control number (BD-RjUL)64892
040 ## - CATALOGING SOURCE
Original cataloging agency DLC
Transcribing agency DLC
Modifying agency BD-RjUL
Language of cataloging eng
041 ## - LANGUAGE CODE
Language code of text/sound track or separate title eng
082 00 - DEWEY DECIMAL CLASSIFICATION NUMBER
Classification number 973
Edition number 23
Author mark and year LID 1971
100 1# - MAIN ENTRY--PERSONAL NAME
Personal name Link, Arthur Stanley.
9 (RLIN) 192011
245 14 - TITLE STATEMENT
Title The democratic heritage: a history of the United States
Statement of responsibility, etc. Arthur S. Link and Stanley Coben.
260 ## - PUBLICATION, DISTRIBUTION, ETC. (IMPRINT)
Place of publication, distribution, etc. Waltham, Mass. :
Name of publisher, distributor, etc. Ginn,
Date of publication, distribution, etc. c1971.
300 ## - PHYSICAL DESCRIPTION
Pagination xii, 676 p. :
Illustrations ill. ;
Size 26 cm.
504 ## - BIBLIOGRAPHY, ETC. NOTE
Bibliography, etc Includes bibliographical references.
651 #0 - SUBJECT ADDED ENTRY--GEOGRAPHIC NAME
Geographic name United States
General subdivision History.
9 (RLIN) 191039
700 1# - ADDED ENTRY--PERSONAL NAME
Personal name Coben, Stanley,
Relator term joint author.
942 ## - ADDED ENTRY ELEMENTS (KOHA)
Source of classification or shelving scheme Dewey Decimal Classification
Koha item type Books
Holdings
Lost status Source of classification or shelving scheme Damaged status Not for loan Collection code Permanent Location Current Location Shelving location Date acquired Source of acquisition Total Checkouts Full call number Date last seen Copy number Koha item type
  Dewey Decimal Classification   Not For Loan Non-fiction Central Library, University of Rajshahi Central Library, University of Rajshahi Reading Room 09/07/1985 Asia foundation   973 LID 1971 20/02/2017 C-1 Books